00289nam a2200133Ia 45000030006000000080041000060400015000471000025000622450022000872600009001093000006001185460014001240050017001380STCL150530s9999 xx 000 0 und d aSTCLcSTCL aUniversity of Madras aKannasharamayanam c1925 a0 aMalayalam20220125170718.0